Pierre Bourdieu

Saved in:
Bibliografiske detaljer
Format: Bog
Sprog:spansk
Udgivet: Santiago Aún Creemos en los Sueños 2002
Serier:Le Monde Diplomatique
Fag:
Tags: Tilføj Tag
Ingen Tags, Vær først til at tagge denne postø!

MARC

LEADER 00000cam a2200000 a 4500
001 UCI6741
003 CL-VaPUC
008 080523e20020000CL |||||||||||||||||spa|d
020 |a 9568134050 
082 0 4 |a 301.092  |b PIE  |2 21 
245 1 0 |a Pierre Bourdieu 
300 |a 60 p 
942 |c BK 
945 |d 20080523 00:00:00  |a jtorresc 
260 |a Santiago  |b Aún Creemos en los Sueños  |c 2002 
600 0 7 |a BOURDIEU, PIERRE  |2 CL-VaPUC  |9 308635 
650 7 |a SOCIOLOGOS  |2 CL-VaPUC  |9 307715 
650 0 |a Bibliografías   |9 257071 
583 |a last modification  |c 20170818 09:17:40  |k Rodrigo Vera 
490 0 |a Le Monde Diplomatique 
999 |c 330190  |d 330188 
952 |0 0  |1 0  |4 0  |6 301_092000000000000_PIE_2002  |7 0  |8 A  |9 415615  |a BIBCUR  |b BIBCUR  |d 2019-11-22  |i 4440471  |o 301.092 PIE 2002  |p 4440471  |r 2025-04-22  |w 2019-11-22  |y BK  |k PER 
952 |0 0  |1 0  |3 erb  |4 0  |6 301_092000000000000_PIE_2002  |7 0  |8 A  |9 415616  |a BIBEDU  |b BIBEDU  |i 5415322  |o 301.092 PIE 2002  |p 5415322  |r 2019-11-22  |w 2019-11-22  |y BK  |z Catalogado en:20170818  |k PSI